[Event "43. Torneo de Ajedrez Villa de Mislata"]
[Site "Mislata ESP"]
[Date "2009.08.25"]
[Round "2.8"]
[White "Del Rey, Diego"]
[Black "Rodriguez Ferrer, Pablo"]
[Result "0-1"]
[WhiteElo "2420"]
[BlackElo "2078"]
[PlyCount "84"]
[EventDate "2009.08.24"]
[EventType "swiss"]
[EventRounds "9"]
[EventCountry "ESP"]
[Source "lmi"]
[SourceDate "2009.08.24"]

1. d4 Nf6 2. Nf3 c5 3. d5 e6 4. c4 exd5 5. cxd5 d6 6. Nc3 g6 7. e4 Bg4 8. Qa4+
Bd7 9. Qb3 b6 10. Bf4 Nh5 11. Bg5 Qc7 12. Nb5 Bxb5 13. Bxb5+ Nd7 14. g4 h6 15.
Bd2 Nhf6 16. Bc3 Bg7 17. e5 c4 18. Qa4 Nxd5 19. Bxd7+ Qxd7 20. Qxd7+ Kxd7 21.
e6+ fxe6 22. Bxg7 Rh7 23. Bc3 Rf7 24. Nd2 b5 25. a3 Nf4 26. O-O Raf8 27. f3 Nd3
28. b3 d5 29. bxc4 bxc4 30. Bd4 Kc6 31. Be3 h5 32. Rab1 e5 33. Bh6 Rh8 34. Bg5
Rhf8 35. h3 c3 36. Rb3 d4 37. Ne4 Rxf3 38. Rxf3 Rxf3 39. Rb8 Kc7 40. Rb5 c2 41.
Bd2 Re3 42. Nf2 Re1+ 0-1

[Event "43. Torneo de Ajedrez Villa de Mislata"]
[Site "Mislata ESP"]
[Date "2009.08.25"]
[Round "2.9"]
[White "Moreto Quintana, Alex"]
[Black "Fernandez Cardoso, Alexey"]
[Result "0-1"]
[WhiteElo "2077"]
[BlackElo "2419"]
[PlyCount "78"]
[EventDate "2009.08.24"]
[EventType "swiss"]
[EventRounds "9"]
[EventCountry "ESP"]
[Source "lmi"]
[SourceDate "2009.08.24"]

1. Nf3 c5 2. c4 Nc6 3. Nc3 g6 4. g3 Bg7 5. Bg2 e5 6. d3 Nge7 7. O-O O-O 8. Rb1
d6 9. a3 f5 10. Bd2 a5 11. Ne1 f4 12. Nc2 g5 13. b4 axb4 14. axb4 Qe8 15. Ne4
Qh5 16. Nxd6 Bh3 17. f3 fxg3 18. hxg3 g4 19. Rf2 Bxg2 20. Rxg2 gxf3 21. exf3
Rxf3 22. Ne4 Raf8 23. bxc5 Qe8 24. Qe2 Qd7 25. Nd6 b6 26. Rxb6 e4 27. Qxe4 Rf1+
28. Kh2 Ne5 29. g4 Nf3+ 30. Kg3 Be5+ 31. Bf4 Bxf4+ 32. Qxf4 Rxf4 33. Kxf4 Ne1+
34. Kg3 Rf3+ 35. Kh2 Nxg2 36. Nd4 Rf8 37. N4f5 Nxf5 38. gxf5 Qg7 39. Rb1 Nh4
0-1

[Event "43. Torneo de Ajedrez Villa de Mislata"]
[Site "Mislata ESP"]
[Date "2009.08.25"]
[Round "2.10"]
[White "Mellado Trivino, Juan"]
[Black "Valera Raga, Jesus"]
[Result "1-0"]
[WhiteElo "2417"]
[BlackElo "2077"]
[PlyCount "43"]
[EventDate "2009.08.24"]
[EventType "swiss"]
[EventRounds "9"]
[EventCountry "ESP"]
[Source "lmi"]
[SourceDate "2009.08.24"]

1. e4 c5 2. c3 d5 3. exd5 Qxd5 4. d4 g6 5. Na3 Bg7 6. Nf3 cxd4 7. Bc4 Qe4+ 8.
Be3 Bh6 9. Qxd4 Qxd4 10. Bxd4 f6 11. Nb5 Na6 12. Bxa7 Bd7 13. O-O e5 14. Rad1
Bf8 15. Rfe1 Nh6 16. Bb6 Rc8 17. Nxe5 fxe5 18. Rxe5+ Be7 19. Nd6+ Kf8 20. Nxc8
Bf6 21. Rxd7 Bxe5 22. Rxb7 1-0

[Event "43. Torneo de Ajedrez Villa de Mislata"]
[Site "Mislata ESP"]
[Date "2009.08.25"]
[Round "2.11"]
[White "Ventura Monfort, Santiago"]
[Black "Guerra Mendez, Jose Angel"]
[Result "0-1"]
[WhiteElo "2077"]
[BlackElo "2408"]
[PlyCount "90"]
[EventDate "2009.08.24"]
[EventType "swiss"]
[EventRounds "9"]
[EventCountry "ESP"]
[Source "lmi"]
[SourceDate "2009.08.24"]

1. f4 d5 2. Nf3 g6 3. g3 Bg7 4. Bg2 Nf6 5. O-O c5 6. d3 O-O 7. c3 Nc6 8. Na3 b6
9. Re1 Bb7 10. Qc2 d4 11. e4 dxe3 12. Bxe3 Rc8 13. Rad1 Nd5 14. Bf2 e6 15. Nc4
Qc7 16. Nce5 Rfd8 17. Nxf7 Qxf7 18. Ng5 Qc7 19. Bh3 Re8 20. Nxe6 Qd6 21. Ng5
Bf6 22. Bxc8 Rxc8 23. Ne4 Qf8 24. Re2 Rd8 25. a3 Nc7 26. b4 Bc8 27. bxc5 Bg4
28. cxb6 Bxe2 29. Qxe2 axb6 30. Bxb6 Rd7 31. Bc5 Be7 32. d4 Kg7 33. Qc4 Qf5 34.
Re1 Bxc5 35. Nxc5 Re7 36. Rxe7+ Nxe7 37. Nd3 Ncd5 38. Ne5 Qb1+ 39. Kf2 Qc2+ 40.
Kf3 Qxh2 41. Qe2 Qh1+ 42. Qg2 Qe1 43. c4 Qe3+ 44. Kg4 h5+ 45. Kh3 Nxf4+ 0-1

[Event "43. Torneo de Ajedrez Villa de Mislata"]
[Site "Mislata ESP"]
[Date "2009.08.25"]
[Round "2.13"]
[White "Vargas, Freddy Giovanny"]
[Black "Vitor, Antonio"]
[Result "1/2-1/2"]
[WhiteElo "2070"]
[BlackElo "2398"]
[PlyCount "114"]
[EventDate "2009.08.24"]
[EventType "swiss"]
[EventRounds "9"]
[EventCountry "ESP"]
[Source "lmi"]
[SourceDate "2009.08.24"]

1. d4 Nf6 2. c4 g6 3. Nc3 Bg7 4. e4 d6 5. f3 O-O 6. Be3 Nc6 7. Qd2 b6 8. g4 e5
9. Nge2 Na5 10. b3 c5 11. d5 a6 12. Ng3 b5 13. h4 bxc4 14. bxc4 Rb8 15. Rb1
Rxb1+ 16. Nxb1 Qb6 17. Bd3 Nxc4 18. Bxc4 Qxb1+ 19. Kf2 Qb7 20. h5 Qe7 21. Bg5
Bd7 22. Bxa6 Rb8 23. h6 Bh8 24. Rc1 Qd8 25. Bc4 Rb4 26. a3 Ra4 27. Rc3 Qb8 28.
Rb3 Qf8 29. Qc1 Ra8 30. Qb1 Ba4 31. Rb7 Ne8 32. Bb5 Bf6 33. Bd2 Bd8 34. Bxa4
Rxa4 35. Rb8 Qe7 36. Qb5 Rxa3 37. Bg5 f6 38. Bd2 Ra7 39. Ne2 Kf7 40. Nc1 Qd7
41. Qb2 Bc7 42. Rb3 c4 43. Rb5 f5 44. gxf5 gxf5 45. Qb1 Ra1 46. Qxa1 Qxb5 47.
exf5 Qxd5 48. Be3 Qc6 49. Ne2 Bb6 50. Qc3 Nf6 51. Kg2 e4 52. Bxb6 Qxb6 53.
Qxc4+ d5 54. Qc3 exf3+ 55. Kxf3 Ne8 56. Qe5 Qxh6 57. Qxd5+ Kf6 1/2-1/2

[Event "43. Torneo de Ajedrez Villa de Mislata"]
[Site "Mislata ESP"]
[Date "2009.08.25"]
[Round "2.14"]
[White "Dolezal, Cristian"]
[Black "Ortega Gadea, Santiago"]
[Result "1-0"]
[WhiteElo "2391"]
[BlackElo "2067"]
[PlyCount "57"]
[EventDate "2009.08.24"]
[EventType "swiss"]
[EventRounds "9"]
[EventCountry "ESP"]
[Source "lmi"]
[SourceDate "2009.08.24"]

1. e4 c5 2. Nf3 e6 3. c3 Nc6 4. d4 d5 5. e5 Bd7 6. Be2 Qb6 7. O-O O-O-O 8. dxc5
Qc7 9. Be3 Nxe5 10. Nxe5 Qxe5 11. Na3 Nf6 12. Nb5 Bxb5 13. Bxb5 h5 14. g3 Qc7
15. b4 Ne4 16. Qe1 h4 17. g4 Qe7 18. f3 Ng5 19. Qd2 Nh7 20. a4 g5 21. a5 a6 22.
Bd3 f5 23. Bd4 e5 24. Bxf5+ Kb8 25. Bf2 Nf6 26. Rab1 Ka8 27. Qe2 Nd7 28. c4 Nf6
29. b5 1-0

[Event "43. Torneo de Ajedrez Villa de Mislata"]
[Site "Mislata ESP"]
[Date "2009.08.25"]
[Round "2.15"]
[White "Lopez Del Barrio, Jesus"]
[Black "Mascaro March, Pedro"]
[Result "0-1"]
[WhiteElo "2064"]
[BlackElo "2382"]
[PlyCount "68"]
[EventDate "2009.08.24"]
[EventType "swiss"]
[EventRounds "9"]
[EventCountry "ESP"]
[Source "lmi"]
[SourceDate "2009.08.24"]

1. Nf3 Nf6 2. d3 d5 3. g3 c6 4. Bg2 Bg4 5. O-O Nbd7 6. Nbd2 e5 7. c4 Be7 8. Qc2
O-O 9. a3 a5 10. Rb1 a4 11. b4 axb3 12. Rxb3 Nc5 13. Rb1 e4 14. dxe4 dxe4 15.
Nxe4 Nfxe4 16. Ne5 Bf5 17. g4 Qd4 18. Bb2 Qd2 19. Qxd2 Nxd2 20. gxf5 Nxb1 21.
Rxb1 Rfd8 22. Ng4 Ra4 23. f6 Bf8 24. fxg7 Bxg7 25. Nf6+ Kh8 26. Bf3 Rxc4 27. e3
Nd3 28. Bd4 Rdxd4 29. exd4 Bxf6 30. Rxb7 Rc1+ 31. Kg2 Ne1+ 32. Kg3 Rc3 33. Rb8+
Kg7 34. Rd8 Nxf3 0-1

[Event "43. Torneo de Ajedrez Villa de Mislata"]
[Site "Mislata ESP"]
[Date "2009.08.25"]
[Round "2.16"]
[White "Kovacevic, Slobodan"]
[Black "Montoliu Cervero, Francisco"]
[Result "1-0"]
[WhiteElo "2372"]
[BlackElo "2063"]
[PlyCount "73"]
[EventDate "2009.08.24"]
[EventType "swiss"]
[EventRounds "9"]
[EventCountry "ESP"]
[Source "lmi"]
[SourceDate "2009.08.24"]

1. d4 d5 2. Bf4 Nf6 3. e3 Bf5 4. c4 c6 5. Nc3 e6 6. Qb3 Qb6 7. c5 Qxb3 8. axb3
Nbd7 9. h3 a6 10. b4 Rc8 11. Nf3 h6 12. Nd2 Be7 13. Nb3 Bd8 14. Bd6 Ne4 15.
Nxe4 Bxe4 16. Na5 Bxa5 17. bxa5 f6 18. Ra4 Ra8 19. Rb4 Ra7 20. Kd2 Kd8 21. h4
e5 22. h5 exd4 23. exd4 Nf8 24. Rh3 Bf5 25. Re3 Ne6 26. Bb8 Ra8 27. Rxb7 Kc8
28. Reb3 Nxd4 29. R3b6 Ne6 30. Bd6 Re8 31. Bxa6 Kd8 32. Rb8+ Rxb8 33. Rxb8+ Kd7
34. Rxe8 Kxe8 35. Bb7 Nd4 36. a6 Nb5 37. Bb8 1-0

[Event "43. Torneo de Ajedrez Villa de Mislata"]
[Site "Mislata ESP"]
[Date "2009.08.25"]
[Round "2.17"]
[White "Orosa Martinez, Victor"]
[Black "Alonso Moyano, Jonathan"]
[Result "0-1"]
[WhiteElo "2054"]
[BlackElo "2365"]
[PlyCount "67"]
[EventDate "2009.08.24"]
[EventType "swiss"]
[EventRounds "9"]
[EventCountry "ESP"]
[Source "lmi"]
[SourceDate "2009.08.24"]

1. e4 c5 2. c3 d5 3. exd5 Qxd5 4. d4 Nf6 5. Nf3 Bg4 6. dxc5 Qxd1+ 7. Kxd1 e5 8.
b4 Nc6 9. Nbd2 e4 10. h3 exf3 11. hxg4 Nxg4 12. Ne4 fxg2 13. Bxg2 f5 14. f3
Nge5 15. Nf2 O-O-O+ 16. Kc2 Be7 17. f4 Ng6 18. Bd2 Rxd2+ 19. Kxd2 Nxf4 20. Bf1
Bf6 21. Nd3 Nd5 22. Rc1 Bg5+ 23. Kc2 Bxc1 24. Nxc1 Ne3+ 25. Kd3 Nxf1 26. Rxf1
g6 27. Kc4 h5 28. b5 Ne7 29. c6 bxc6 30. bxc6 Nxc6 31. Kd5 Kc7 32. Rg1 Re8 33.
Nd3 Rd8+ 34. Kc4 0-1

[Event "43. Torneo de Ajedrez Villa de Mislata"]
[Site "Mislata ESP"]
[Date "2009.08.25"]
[Round "2.18"]
[White "Marholev, Dimitar"]
[Black "Navarro Diaz, Carles"]
[Result "0-1"]
[WhiteElo "2364"]
[BlackElo "2047"]
[PlyCount "74"]
[EventDate "2009.08.24"]
[EventType "swiss"]
[EventRounds "9"]
[EventCountry "ESP"]
[Source "lmi"]
[SourceDate "2009.08.24"]

1. e4 e5 2. Nf3 Nf6 3. Nc3 Nc6 4. Bb5 Bb4 5. d3 d6 6. O-O Bxc3 7. bxc3 O-O 8.
h3 Qe7 9. Nh2 Nd8 10. f4 c6 11. Ba4 d5 12. Bb3 exf4 13. Bxf4 dxe4 14. d4 Nd5
15. Qe1 b6 16. Bg3 Qg5 17. c4 Nf6 18. Bh4 Qg6 19. Qe3 Nb7 20. Rf4 Nh5 21. Rf2
Nd6 22. g4 Nf6 23. Bxf6 gxf6 24. Raf1 f5 25. Rg2 Kh8 26. gxf5 Nxf5 27. Qxe4 Qe6
28. Qg4 Bd7 29. Rxf5 Rg8 30. Qf4 Qxf5 31. Qxf5 Bxf5 32. h4 Bh3 33. Rxg8+ Rxg8+
34. Kh1 f5 35. c5 Rg7 36. cxb6 axb6 37. c4 f4 0-1

[Event "43. Torneo de Ajedrez Villa de Mislata"]
[Site "Mislata ESP"]
[Date "2009.08.25"]
[Round "2.19"]
[White "Castro Exposito, Cristobal"]
[Black "Battaglini, Gabriel"]
[Result "0-1"]
[WhiteElo "2027"]
[BlackElo "2345"]
[PlyCount "34"]
[EventDate "2009.08.24"]
[EventType "swiss"]
[EventRounds "9"]
[EventCountry "ESP"]
[Source "lmi"]
[SourceDate "2009.08.24"]

1. d4 Nf6 2. Nf3 e6 3. c3 Be7 4. Bf4 O-O 5. e3 b6 6. Bd3 Bb7 7. h3 Ne4 8. O-O
f5 9. Nfd2 Nxd2 10. Nxd2 d6 11. Bh2 Nd7 12. e4 Qe8 13. Qe2 Qg6 14. d5 Nc5 15.
exf5 exf5 16. Qxe7 Bxd5 17. Bc4 Qxg2# 0-1

[Event "43. Torneo de Ajedrez Villa de Mislata"]
[Site "Mislata ESP"]
[Date "2009.08.25"]
[Round "2.20"]
[White "Garcia, Jhoel"]
[Black "Navarro Lopez-Menchero, Daniel"]
[Result "1-0"]
[WhiteElo "2341"]
[BlackElo "2024"]
[PlyCount "37"]
[EventDate "2009.08.24"]
[EventType "swiss"]
[EventRounds "9"]
[EventCountry "ESP"]
[Source "lmi"]
[SourceDate "2009.08.24"]

1. c4 Nf6 2. Nc3 e6 3. Nf3 Bb4 4. g3 b6 5. Bg2 Bb7 6. Qb3 Bxc3 7. Qxc3 c5 8.
O-O O-O 9. d4 Qe7 10. Rd1 d5 11. Bg5 dxc4 12. dxc5 bxc5 13. Qxc4 Bd5 14. Qh4
Nbd7 15. e4 Bc6 16. e5 Bxf3 17. exf6 gxf6 18. Rxd7 fxg5 19. Rxe7 1-0

[Event "43. Torneo de Ajedrez Villa de Mislata"]
[Site "Mislata ESP"]
[Date "2009.08.26"]
[Round "3.1"]
[White "Del Rio De Angelis, Salvador G"]
[Black "Castella Garcia, Fausto"]
[Result "1/2-1/2"]
[WhiteElo "2560"]
[BlackElo "2320"]
[PlyCount "56"]
[EventDate "2009.08.24"]
[EventType "swiss"]
[EventRounds "9"]
[EventCountry "ESP"]
[Source "lmi"]
[SourceDate "2009.08.24"]

1. d4 Nf6 2. c4 g6 3. Nc3 Bg7 4. e4 d6 5. Nf3 O-O 6. Be2 c5 7. d5 e6 8. O-O
exd5 9. exd5 Re8 10. Bf4 a6 11. Bd3 Bg4 12. h3 Bxf3 13. Qxf3 Qb6 14. Rfb1 Nbd7
15. Qd1 Re7 16. a4 Rae8 17. Bd2 Qc7 18. Qc2 Nh5 19. g4 Nhf6 20. Re1 Ne5 21. Be2
Qc8 22. Kg2 Nexg4 23. hxg4 Rxe2 24. Nxe2 Rxe2 25. Rxe2 Qxg4+ 26. Kf1 Qh3+ 27.
Kg1 Qg4+ 28. Kf1 Qh3+ 1/2-1/2

[Event "43. Torneo de Ajedrez Villa de Mislata"]
[Site "Mislata ESP"]
[Date "2009.08.26"]
[Round "3.2"]
[White "Lasinskas, Povilas"]
[Black "Korneev, Oleg"]
[Result "0-1"]
[WhiteElo "2268"]
[BlackElo "2537"]
[PlyCount "56"]
[EventDate "2009.08.24"]
[EventType "swiss"]
[EventRounds "9"]
[EventCountry "ESP"]
[Source "lmi"]
[SourceDate "2009.08.24"]

1. d4 d5 2. c4 e6 3. Nf3 Nf6 4. Nc3 c6 5. Bg5 h6 6. Bh4 dxc4 7. e3 b5 8. Ne5
Bb7 9. Be2 Nbd7 10. f4 Be7 11. O-O O-O 12. Rf3 a6 13. Rh3 c5 14. Qe1 cxd4 15.
exd4 Nxe5 16. dxe5 Ne4 17. Bf2 Qc7 18. Kh1 Rad8 19. a4 Nxf2+ 20. Qxf2 b4 21.
Nd1 Bd5 22. Rc1 Rb8 23. Qe1 c3 24. bxc3 b3 25. c4 b2 26. Rb1 Be4 27. Rxb2 Rxb2
28. Nxb2 Qb7 0-1

[Event "43. Torneo de Ajedrez Villa de Mislata"]
[Site "Mislata ESP"]
[Date "2009.08.26"]
[Round "3.3"]
[White "Ortiz Suarez, Isan Reynaldo"]
[Black "Palencia, Wilson"]
[Result "1-0"]
[WhiteElo "2504"]
[BlackElo "2319"]
[PlyCount "51"]
[EventDate "2009.08.24"]
[EventType "swiss"]
[EventRounds "9"]
[EventCountry "ESP"]
[Source "lmi"]
[SourceDate "2009.08.24"]

1. e4 d6 2. d4 Nf6 3. Nc3 g6 4. f4 Bg7 5. Nf3 O-O 6. Be3 Nbd7 7. Qd2 c5 8.
O-O-O b5 9. Bxb5 Rb8 10. e5 Nd5 11. Nxd5 Rxb5 12. Nc3 Rb7 13. dxc5 dxc5 14.
Bxc5 Qe8 15. Bd4 Nb6 16. b3 Qc6 17. Qe3 Bf5 18. Bxb6 axb6 19. Nd4 Qxg2 20. Nxf5
gxf5 21. Rhg1 Qc6 22. Qg3 Qh6 23. Qf3 Ra7 24. Rg3 e6 25. Rdg1 f6 26. Rh3 1-0

[Event "43. Torneo de Ajedrez Villa de Mislata"]
[Site "Mislata ESP"]
[Date "2009.08.26"]
[Round "3.4"]
[White "Gomez Garrido, Camilo"]
[Black "Varley, Peter"]
[Result "1-0"]
[WhiteElo "2461"]
[BlackElo "2280"]
[PlyCount "71"]
[EventDate "2009.08.24"]
[EventType "swiss"]
[EventRounds "9"]
[EventCountry "ESP"]
[Source "lmi"]
[SourceDate "2009.08.24"]

1. e4 e6 2. d4 d5 3. Nd2 dxe4 4. Nxe4 Bd7 5. Nf3 Bc6 6. Bd3 Nd7 7. O-O Ngf6 8.
Ng3 Be7 9. Re1 Bxf3 10. Qxf3 c6 11. c3 O-O 12. Nh5 g6 13. Ng3 Re8 14. h4 Nf8
15. h5 Qd5 16. hxg6 hxg6 17. Ne4 N8h7 18. Bf4 Qh5 19. Qg3 Nxe4 20. Bxe4 Nf6 21.
Bf3 Qh7 22. Bg5 Nh5 23. Qh4 Bxg5 24. Qxg5 Ng7 25. g4 Red8 26. Kg2 Ne8 27. Rh1
Qg7 28. Rh3 Qf6 29. Qh6 Qg7 30. Qh4 g5 31. Qg3 Kf8 32. Rah1 Ke7 33. Rh7 Qg6 34.
R1h6 Qc2 35. Qe5 Nd6 36. Qxe6+ 1-0

[Event "43. Torneo de Ajedrez Villa de Mislata"]
[Site "Mislata ESP"]
[Date "2009.08.26"]
[Round "3.5"]
[White "Pena Riasco, Alexander"]
[Black "Komljenovic, Davorin"]
[Result "0-1"]
[WhiteElo "2239"]
[BlackElo "2431"]
[PlyCount "88"]
[EventDate "2009.08.24"]
[EventType "swiss"]
[EventRounds "9"]
[EventCountry "ESP"]
[Source "lmi"]
[SourceDate "2009.08.24"]

1. e4 c5 2. Nf3 d6 3. d4 cxd4 4. Nxd4 Nf6 5. Nc3 a6 6. Be3 h5 7. f3 e6 8. Qd2
b5 9. O-O-O Nbd7 10. Bd3 Bb7 11. Kb1 Rc8 12. h3 h4 13. Rhe1 Be7 14. Bf2 Nh5 15.
Be3 g5 16. Nce2 Rg8 17. Nb3 Qc7 18. Na5 Ba8 19. Nb3 Ne5 20. f4 Nc4 21. Qc1 gxf4
22. Bxf4 Bf6 23. Nbd4 Nxf4 24. Qxf4 Bg5 25. Qg4 Ne3 26. Nxe6 Qd7 27. Qh5 Qxe6
28. Nd4 Qh6 29. Qe2 Kf8 30. Nf5 Nxf5 31. exf5 Qf6 32. Qf2 Kg7 33. g3 Kh8 34. g4
Bh6 35. Re2 Rge8 36. Rde1 Rxe2 37. Rxe2 b4 38. Qb6 a5 39. Qxa5 Qd4 40. Re1 Bd5
41. f6 Bg5 42. Qb5 Bxf6 43. Re8+ Rxe8 44. Qxe8+ Kg7 0-1

[Event "43. Torneo de Ajedrez Villa de Mislata"]
[Site "Mislata ESP"]
[Date "2009.08.26"]
[Round "3.6"]
[White "Gonzalez Rodriguez, Jorge Armando"]
[Black "Rabineau, Clement"]
[Result "1-0"]
[WhiteElo "2429"]
[BlackElo "2263"]
[PlyCount "119"]
[EventDate "2009.08.24"]
[EventType "swiss"]
[EventRounds "9"]
[EventCountry "ESP"]
[Source "lmi"]
[SourceDate "2009.08.24"]

1. b3 d5 2. e3 Bf5 3. Bb2 e6 4. Nf3 h6 5. d3 Nf6 6. Nbd2 Be7 7. g3 O-O 8. Bg2
Nbd7 9. Qe2 Bh7 10. O-O c6 11. Rfd1 a5 12. a3 Qb6 13. e4 Rfc8 14. h3 Ne8 15. a4
Bf6 16. d4 Be7 17. Rac1 Nef6 18. Ne1 dxe4 19. Nxe4 Nxe4 20. Bxe4 Bxe4 21. Qxe4
Nf6 22. Qe2 Qa6 23. c4 b5 24. d5 bxc4 25. d6 c3 26. Qxa6 Rxa6 27. Bxc3 Bf8 28.
Bxf6 gxf6 29. Rd3 Rd8 30. d7 c5 31. Rcd1 Rc6 32. Nc2 c4 33. Rc3 Rd6 34. Rxd6
Bxd6 35. bxc4 Rxd7 36. Rd3 Rd8 37. c5 Bc7 38. Rxd8+ Bxd8 39. Kf1 Kf8 40. Ke2
Be7 41. c6 Ke8 42. Kd3 Bc5 43. f3 f5 44. Kc4 Bd6 45. g4 fxg4 46. hxg4 Kd8 47.
Kb5 Kc7 48. Nd4 Be7 49. Nb3 Bb4 50. Nc1 f5 51. Nd3 fxg4 52. fxg4 Bd6 53. Nf2 e5
54. Ne4 Be7 55. Nc3 Bb4 56. Nd5+ Kd6 57. Nxb4 axb4 58. Kxb4 Kxc6 59. Kc4 Kd6
60. Kd3 1-0

[Event "43. Torneo de Ajedrez Villa de Mislata"]
[Site "Mislata ESP"]
[Date "2009.08.26"]
[Round "3.7"]
[White "Fernandez Cardoso, Alexey"]
[Black "Bermejo Martinez, Jorge"]
[Result "0-1"]
[WhiteElo "2419"]
[BlackElo "2240"]
[PlyCount "84"]
[EventDate "2009.08.24"]
[EventType "swiss"]
[EventRounds "9"]
[EventCountry "ESP"]
[Source "lmi"]
[SourceDate "2009.08.24"]

1. e4 e6 2. d4 d5 3. e5 c5 4. c3 Qb6 5. Nf3 Nc6 6. a3 c4 7. Be2 f6 8. O-O fxe5
9. Nxe5 Nxe5 10. dxe5 Bc5 11. Nd2 Ne7 12. b4 cxb3 13. Nxb3 O-O 14. Nxc5 Qxc5
15. Qb3 Qc7 16. f4 Bd7 17. Rb1 b6 18. Bd2 Qc5+ 19. Kh1 Nc6 20. Bd3 Na5 21. Qc2
h6 22. Rbe1 Nc4 23. f5 Nxa3 24. Qc1 exf5 25. e6 Bb5 26. Bxh6 Bxd3 27. Qg5 Qxc3
28. e7 Bxf1 29. exf8=Q+ Rxf8 30. Re7 Rf7 31. Re8+ Rf8 32. Re7 Rf7 33. Re8+ Rf8
34. Re7 Rf7 35. Re8+ Kh7 36. Bxg7 Bxg2+ 37. Kg1 Qc5+ 38. Re3 Rxg7 39. Qxf5+ Kh8
40. Qh5+ Kg8 41. Qe8+ Qf8 42. Qe6+ Kh7 0-1

[Event "43. Torneo de Ajedrez Villa de Mislata"]
[Site "Mislata ESP"]
[Date "2009.08.26"]
[Round "3.9"]
[White "Guerra Mendez, Jose Angel"]
[Black "Mingo Fernandez, Matias"]
[Result "1-0"]
[WhiteElo "2408"]
[BlackElo "2198"]
[PlyCount "113"]
[EventDate "2009.08.24"]
[EventType "swiss"]
[EventRounds "9"]
[EventCountry "ESP"]
[Source "lmi"]
[SourceDate "2009.08.24"]

1. e4 e6 2. d4 d5 3. Nc3 Nf6 4. e5 Nfd7 5. f4 c5 6. Nf3 Nc6 7. Be3 Qb6 8. a3
cxd4 9. Nxd4 a6 10. Be2 Qc7 11. O-O Be7 12. Kh1 Ndb8 13. Bd3 Nxd4 14. Bxd4 Nc6
15. Bg1 b5 16. Ne2 f5 17. exf6 Bxf6 18. c3 O-O 19. Qd2 Bb7 20. Bc2 Rad8 21.
Rae1 Bh4 22. Rd1 Bc8 23. Bc5 Be7 24. Bxe7 Nxe7 25. Nd4 Rf6 26. g3 Rdf8 27. Qd3
g6 28. Rfe1 Qd6 29. Kg1 Bd7 30. Rd2 Nf5 31. Nxf5 gxf5 32. Qd4 Kf7 33. a4 Rc8
34. axb5 Bxb5 35. Kg2 Rg6 36. Bd1 Rh6 37. Be2 Bxe2 38. Rdxe2 Rg6 39. Ra1 Ra8
40. b4 Rgg8 41. Rea2 Qc6 42. Re2 Rgc8 43. Re3 Qc4 44. Qe5 Rc6 45. Rae1 Rd8 46.
Rd1 Qa2+ 47. Re2 Qc4 48. Re3 Qa2+ 49. Re2 Qc4 50. Rde1 d4 51. cxd4 Qxd4 52. Qa5
Rb6 53. Kh3 Rdd6 54. Rc1 Qxb4 55. Rc7+ Kg6 56. Qa1 Qd4 57. Rxe6+ 1-0

[Event "43. Torneo de Ajedrez Villa de Mislata"]
[Site "Mislata ESP"]
[Date "2009.08.26"]
[Round "3.10"]
[White "Cruz Lledo, Pablo"]
[Black "Gomez Ledo, Roberto Carlos"]
[Result "0-1"]
[WhiteElo "2190"]
[BlackElo "2404"]
[PlyCount "70"]
[EventDate "2009.08.24"]
[EventType "swiss"]
[EventRounds "9"]
[EventCountry "ESP"]
[Source "lmi"]
[SourceDate "2009.08.24"]

1. d4 d6 2. c4 e5 3. Nf3 e4 4. Ng5 f5 5. Nc3 Be7 6. Nh3 Nf6 7. g3 O-O 8. Bg2 c5
9. d5 Nbd7 10. O-O Ne5 11. b3 Ne8 12. f3 exf3 13. exf3 Bf6 14. Qc2 Nc7 15. Nf2
Bd7 16. f4 Nf7 17. a4 Na6 18. Bb2 Nb4 19. Qd2 Re8 20. Ncd1 Qe7 21. Bxf6 Qxf6
22. Nc3 Re7 23. Rfe1 Rae8 24. Nb5 Nc2 25. Qxc2 Rxe1+ 26. Rxe1 Rxe1+ 27. Bf1
Bxb5 28. axb5 Qa1 29. Qd3 Qb1 30. Kg2 Nh6 31. h3 g6 32. g4 Qxd3 33. Bxd3 Re3
34. Bc2 fxg4 35. hxg4 Nxg4 0-1

[Event "43. Torneo de Ajedrez Villa de Mislata"]
[Site "Mislata ESP"]
[Date "2009.08.26"]
[Round "3.11"]
[White "Martinez Tormo, Jorge"]
[Black "Dolezal, Cristian"]
[Result "1/2-1/2"]
[WhiteElo "2169"]
[BlackElo "2391"]
[PlyCount "149"]
[EventDate "2009.08.24"]
[EventType "swiss"]
[EventRounds "9"]
[EventCountry "ESP"]
[Source "lmi"]
[SourceDate "2009.08.24"]

1. e4 e6 2. d4 d5 3. e5 c5 4. c3 Nc6 5. Nf3 Bd7 6. a3 c4 7. Be2 Na5 8. Nbd2 Bc6
9. O-O Qd7 10. Rb1 Ba4 11. Qe1 Bc2 12. Ra1 h6 13. Kh1 Ne7 14. Bd1 Bd3 15. Rg1
Nec6 16. Qe3 Bh7 17. Ne1 O-O-O 18. Bc2 Kb8 19. Bxh7 Rxh7 20. Nc2 Rc8 21. Rb1
Ka8 22. Na1 f6 23. f4 f5 24. Nf3 Qf7 25. Qe1 Be7 26. Be3 Qh5 27. Qd2 Rg8 28.
Rbf1 g5 29. g3 Nd8 30. Qe2 Rhg7 31. Nc2 Nf7 32. Nce1 Nb3 33. Rg2 Kb8 34. Nd2
Qxe2 35. Rxe2 Nc1 36. Rg2 gxf4 37. Bxf4 Bg5 38. Rfg1 h5 39. Ndf3 Bxf4 40. gxf4
Rxg2 41. Rxg2 Rxg2 42. Kxg2 Ne2 43. Ng5 Nxf4+ 44. Kf3 Nxg5+ 45. Kxf4 Ne4 46.
Nf3 Kc8 47. Ng5 Kd7 48. Nh3 Ke7 49. Ke3 h4 50. Nf4 Kf7 51. Ng2 h3 52. Nf4 Ng5
53. Kf2 b5 54. Kg3 a5 55. Kh4 Nf3+ 56. Kxh3 Ne1 57. Kg3 Nd3 58. b4 a4 59. Kf3
Nxf4 60. Kxf4 Kg6 61. Kf3 Kh5 62. Kg3 Kg5 63. h3 Kh5 64. h4 Kg6 65. Kf3 Kh6 66.
Kf4 Kh5 67. Kg3 f4+ 68. Kxf4 Kxh4 69. Kf3 Kh5 70. Kf4 Kh6 71. Kg4 Kg6 72. Kf4
Kh5 73. Kf3 Kg5 74. Kg3 Kf5 75. Kf3 1/2-1/2

[Event "43. Torneo de Ajedrez Villa de Mislata"]
[Site "Mislata ESP"]
[Date "2009.08.26"]
[Round "3.12"]
[White "Mascaro March, Pedro"]
[Black "Tudela Corbalan, Carlos"]
[Result "1-0"]
[WhiteElo "2382"]
[BlackElo "2182"]
[PlyCount "55"]
[EventDate "2009.08.24"]
[EventType "swiss"]
[EventRounds "9"]
[EventCountry "ESP"]
[Source "lmi"]
[SourceDate "2009.08.24"]

1. d4 g6 2. c4 Bg7 3. Nc3 d6 4. e4 c5 5. d5 Nf6 6. h3 O-O 7. Bd3 e5 8. g4 Ne8
9. Be3 Na6 10. Nge2 Nac7 11. Ng3 Bd7 12. Qe2 a6 13. h4 b5 14. a4 bxa4 15. Nxa4
Rb8 16. f3 Bf6 17. Qh2 Rb3 18. Nc3 Be7 19. g5 Ng7 20. O-O-O a5 21. Kc2 a4 22.
h5 Bxg5 23. hxg6 h6 24. Bxg5 Qxg5 25. gxf7+ Rxf7 26. Rdg1 Na6 27. Nf5 Nb4+ 28.
Kb1 1-0

[Event "43. Torneo de Ajedrez Villa de Mislata"]
[Site "Mislata ESP"]
[Date "2009.08.26"]
[Round "3.13"]
[White "Megias Chafer, Alejandro"]
[Black "Kovacevic, Slobodan"]
[Result "0-1"]
[WhiteElo "2138"]
[BlackElo "2372"]
[PlyCount "82"]
[EventDate "2009.08.24"]
[EventType "swiss"]
[EventRounds "9"]
[EventCountry "ESP"]
[Source "lmi"]
[SourceDate "2009.08.24"]

1. e4 c5 2. Nf3 e6 3. d4 cxd4 4. Nxd4 a6 5. Nc3 Qc7 6. Bd3 Nf6 7. O-O d6 8. Bg5
Be7 9. Qe2 Nbd7 10. Kh1 Qc5 11. Be3 Qc7 12. f4 b5 13. a3 Bb7 14. Rae1 Nc5 15.
Bd2 O-O 16. Rf3 Rfe8 17. Rh3 g6 18. b4 Ncd7 19. Nb3 Rab8 20. Qf2 d5 21. e5 Ne4
22. Bxe4 dxe4 23. Nd4 Nb6 24. Nxe4 Bxe4 25. Rxe4 Nc4 26. Bc1 Qb7 27. Re1 Ra8
28. f5 Qd5 29. Qf4 Bf8 30. Qh4 h5 31. fxg6 fxg6 32. Qg5 Bg7 33. Qxg6 Qxd4 34.
Rxh5 Rf8 35. Qh7+ Kf7 36. Rf1+ Ke8 37. Qg6+ Kd7 38. Qxg7+ Kc6 39. Re1 Qf2 40.
Rg1 Rad8 41. Rh7 Qxg1+ 0-1